00646nam a2200217Ia 450000500170000000800410001702000140005804000190007204100120009108200200010310000160012324500550013926000250019430000180021965000370023770000160027485000100029094200070030099900160030795201050032320230506100249.0131103s9999 xx 000 0 und d a701116447 aLoreto College aEnglish a823.8bDIC-LEA  aLeavis,F.R. aDickensb the novelist cF.R.Leavis and Q.D.Leavis aLondonbChattoc1970 axviii,372 p.  aLeavis,Frank Raymond,1895 - 1978 aLeavis,Q.D. aLCLIB cBK c5220d55699 00102ddc4070aMAINbMAINd2013-11-04l0o823.8 DIC-LEA 19615pB5087r2013-11-04w2013-11-04yBKf